| 000 | 00367nam a22001217a 4500 | ||
|---|---|---|---|
| 082 | _a220 PRO | ||
| 100 |
_aSAQLAIN,GHULAM MURTAZA,HAROON _972037 |
||
| 245 | _aPR-SOF-1269-DESIGN AND FABRICATION OF SUPERPOSITION STEERING SYSTEM | ||
| 260 |
_aISLAMABAD _bNUST COLLEGE OF EME _c2013 |
||
| 650 | _aDE-MECH-31 | ||
| 700 |
_aSUPERVISOR RAJA AMER AZIM _972038 |
||
| 942 | _cCR | ||
| 999 |
_c578248 _d578248 |
||